Contemporary marketing.-- 11th ed. (Record no. 38653)

MARC details
000 -LEADER
fixed length control field 00967nam a2200217 a 4500
001 - CONTROL NUMBER
control field 13422201
008 - FIXED-LENGTH DATA ELEMENTS--GENERAL INFORMATION
fixed length control field 140415c20059999||||||||||||||||| || u
010 ## - LIBRARY OF CONGRESS CONTROL NUMBER
LC control number 2003116072
020 ## - INTERNATIONAL STANDARD BOOK NUMBER
International Standard Book Number 0324192150
050 ## - LIBRARY OF CONGRESS CALL NUMBER
Classification number CD/HF 5415 Boo
100 ## - MAIN ENTRY--PERSONAL NAME
Personal name Boone, Louis E
245 10 - TITLE STATEMENT
Title Contemporary marketing.-- 11th ed.
Statement of responsibility, etc. Louis E. Boone, David L. Kurtz; script and narration by Stephen M. Peters
Medium [cd-rom]
250 ## - EDITION STATEMENT
Edition statement 11th ed.
260 ## - PUBLICATION, DISTRIBUTION, ETC.
Place of publication, distribution, etc. Mason, Ohio
Name of publisher, distributor, etc. Thomson/South-Western
Date of publication, distribution, etc. 2005
300 ## - PHYSICAL DESCRIPTION
Extent 4 CD-ROM (4 3/4 in.)
500 ## - GENERAL NOTE
General note Audio chapter reviews of a text on 4 CD-ROMs. The CDs will work on any audio CD system Contents: Disc one - chapters 1-4; Disc two - chapters 5-10; Disc three - chapters 11-14; Disc four - chapters 15-19
650 #0 - SUBJECT ADDED ENTRY--TOPICAL TERM
Topical term or geographic name entry element MARKETING--MANAGEMENT--CASE STUDIES
650 #0 - SUBJECT ADDED ENTRY--TOPICAL TERM
Topical term or geographic name entry element MARKETING
700 ## - ADDED ENTRY--PERSONAL NAME
Personal name Kurtz, David L
995 ## - RECOMMENDATION 995 [LOCAL, UNIMARC FRANCE]
-- CBU-MAIN LIBRARY (Kitwe)
-- 1
-- AVAILABLE
-- Jun 5, 2014
-- e-Media Collection
Holdings
Withdrawn status Lost status Source of classification or shelving scheme Damaged status Not for loan Home library Current library Shelving location Date acquired Total Checkouts Full call number Barcode Date last seen Price effective from Koha item type
          CBU-MAIN LIBRARY, KITWE. CBU-MAIN LIBRARY, KITWE.   11/30/2022   CD/HF 5415 Boo 20140001 11/30/2022 11/30/2022 MONOGRAPH